[Event "Titled Tuesday intern op 21st Mar Late"]
[Site "Chess.com INT"]
[Date "2023.03.21"]
[Round "5"]
[White "Perez Rodriguez, Jennifer"]
[Black "Filgueira, Hernan"]
[Result "1/2-1/2"]
[WhiteElo "2254"]
[BlackElo "2283"]
[PlyCount "162"]
[EventDate "2023.03.21"]
[EventType "swiss (blitz)"]
[EventRounds "11"]
[EventCountry "USA"]
[SourceTitle "EXT 2024"]
[Source "ChessBase"]
[SourceDate "2023.10.10"]
[SourceVersion "1"]
[SourceVersionDate "2023.10.10"]
[SourceQuality "1"]

1. e4 d6 2. d4 Nf6 3. Nc3 Nbd7 4. Nf3 e5 5. Rg1 h5 6. Bg5 Be7 7. Qd2 c6 8. 0-0-0 Qa5 9. dxe5 dxe5 10. Kb1 Bb4 11. Bxf6 Nxf6 12. Ng5 Bxc3 13. Qxc3 Qxc3 14. bxc3 Ke7 15. Bc4 Be6 16. Bxe6 fxe6 17. Rd3 Rad8 18. Rgd1 Rxd3 19. cxd3 h4 20. h3 Nh5 21. Nf3 Rf8 22. Rd2 Kd6 23. Nxh4 Nf4 24. d4 exd4 25. cxd4 g5 26. Nf3 Nxh3 27. Kc2 g4 28. gxh3 gxf3 29. Rd3 c5 30. dxc5+ Ke5 31. Re3 Kf4 32. Rb3 Rc8 33. Rxb7 Rxc5+ 34. Kd2 Ra5 35. Rb2 e5 36. h4 Kxe4 37. Rb4+ Kf5 38. a4 Rc5 39. Ke3 Rc3+ 40. Kd2 Ra3 41. h5 e4 42. h6 Rd3+ 43. Kc2 Rd6 44. h7 Rh6 45. Rb7 a6 46. Kd2 Kf4 47. Rf7+ Ke5 48. Ke3 Kd5 49. Re7 Rh4 50. a5 Kc5 51. Rxe4 Rxh7 52. Kxf3 Kd5 53. Rf4 Rh3+ 54. Kg4 Ra3 55. Rf5+ Ke4 56. f4 Ra1 57. Rc5 Kd4 58. Re5 Rg1+ 59. Kf5 Rg8 60. Re6 Kc5 61. Rxa6 Kd5 62. Rf6 Rg1 63. a6 Ra1 64. Kg6 Ke4 65. Kf7 Ra5 66. f5 Kd4 67. Ke7 Ke5 68. Re6+ Kxf5 69. Re2 Rxa6 70. Rf2+ Ke5 71. Re2+ Kd5 72. Rd2+ Kc4 73. Rc2+ Kd3 74. Rg2 Ra4 75. Rg3+ Kc2 76. Rg2+ Kb3 77. Rg3+ Ka2 78. Rg2+ Ka3 79. Rg3+ Kb4 80. Rg4+ Ka5 81. Rxa4+ Kxa4 1/2-1/2